| 000 | 01213nam a2200313 a 4500 | ||
|---|---|---|---|
| 999 |
_c191612 _d191612 |
||
| 003 | BLK | ||
| 005 | 20250715125250.0 | ||
| 008 | 180411b bul|||||r ||||||| ||bul|| | ||
| 010 | _aKNG00200773000 | ||
| 040 | _aBLK | ||
| 041 |
_aBUL _cBUL |
||
| 080 |
_aАвстрийска литература _b821.112(436) _x-3 _z821.112(436)-3 |
||
| 100 |
_aКанети, Елиас _d1905 - 1994 _gАвстрийски писател - нобелист, роден в Русе _eпърви автор _9367554 |
||
| 139 |
_aКанети, Елиас _bК 25 |
||
| 245 | 1 | 0 |
_aПодслушвачът _bПетдесет характера : Худож. проза _cЕлиас Канети; прев. от нем. Мила Аройо. |
| 257 | _aAUT | ||
| 260 |
_aСофия _bДикта-Орбис _c1992 |
||
| 300 |
_a109 с. _c20 см |
||
| 380 | _aX | ||
| 700 | 1 |
_aАройо, Мила _eпрев. от нем. _9345565 |
|
| 852 |
_aЦб 171080 _bЦб |
||
| 856 | 4 |
_qpdf _i0.00 _ldisable |
|
| 856 | 4 |
_qpdf _i0.00 _ldisable |
|
| 942 |
_cKNG _n0 _05 _s1 |
||
| 944 |
_aCR _c13.02.2017 _k30558 _lВаля Йорданова |
||
| 944 |
_aED _c13.02.2017 _kСтанимира_Цанева |
||
| 999 | _d191612 | ||
| 999 | _d191612 | ||